000 00835nam a22002893u 4500
001 DHIM2026032313430051
003 RU-10907106
005 20260403080616.0
007 tu
008 260323s2010 gau ||| ||| 000 0 geo d
020 _9978-9941-18-001-9
_a9789941180019
040 _aRU-10907106
_bger
_cRU-10907106
041 _ageo
100 1 _4aut
_aQip̕iani, Dimitri
_968917
245 0 _aCerilebi
264 1 _aTbilisi
_bIlia State University Press
_c2010
300 _a65 Seiten
336 _2rdacontent
_aText
_btxt
337 _2rdamedia
_aOhne Hilfsmittel zu benutzen
_bn
338 _2rdacarrier
_aBand
_bnc
490 0 _aSeria ilias bibliot̕eka
_v4
600 _aQipiani, Dimitri
_968918
650 _aBriefsammlung
_92111
650 _aUnabhängigkeitsbewegung
_95783
651 _aGeorgien
942 _2z
_cMG
999 _c73981
_d73981